000 00315nam a22001337a 4500
082 _a823
_bMAH/J
100 _aMAHESH STORIES
245 _aMAHESH JOY SERIES STORIES
260 _aSIVAKASI
_bMAHESH ARTS
300 _a24
520 _aENGLISH SHORT STORIES
650 _aENGLISH SHORT STORIES
_zSIVAKASI
942 _cBK
999 _c5107
_d5107